Chargement en cours...

M. P. Paul /

Détails bibliographiques
Auteur principal: Tharakan, K. M.
Format: Printed Book
Langue:English
Publié: New Delhi : Sahitya Akademi, 1985.
Édition:1st ed.
Collection:Makers of Indian literature
Sujets:
LEADER 00617nam a22001817a 4500
008 140606b xxu||||| |||| 00| 0 eng d
999 |c 7039  |d 7039 
082 |a 928.9418   |b PAU/THA 
100 |a Tharakan, K. M. 
245 |a M. P. Paul /  |c K. M. Tharakan 
250 |a 1st ed. 
260 |a New Delhi :  |b Sahitya Akademi,  |c 1985. 
300 |a 96p. 
440 |a Makers of Indian literature 
650 |a Biography 
650 |a Malayalam Literature 
942 |2 ddc  |c BK 
952 |0 0  |1 0  |2 ddc  |4 0  |6 928_941800000000000_PAUTHA  |7 0  |9 9989  |a MAIN  |b MAIN  |d 2014-06-06  |e Sahitya Akademi  |g 4.00  |o 928.9418 PAU/THA  |p 10124  |r 2014-06-06  |t 1  |w 2014-06-06  |y BK